|
|
|
|
| LEADER |
01367nam a2200301 a 4500 |
| 001 |
112696 |
| 008 |
100112r20031997nyua b 001 0 eng d |
| 010 |
|
|
|a 97061441
|
| 040 |
|
|
|a TXI
|c TXI
|d DLC
|d BD-DhAAL
|
| 020 |
|
|
|a 1840460741
|
| 020 |
|
|
|a 1874166986 (pbk.)
|
| 082 |
0 |
0 |
|a 306/.071
|2 21
|
| 100 |
1 |
|
|a Sardar, Ziauddin.
|
| 245 |
1 |
0 |
|a Introducing cultural studies /
|c Ziauddin Sardar and Borin Van Loon ; edited by Richard Appignanesi.
|
| 246 |
3 |
0 |
|a Cultural studies
|
| 260 |
|
|
|a New York :
|b Totem Books ;
|a London :
|b ICON Books, ;
|a Lanham, Md. :
|b Distributed to the trade in the U.S. by National Book Network,
|c 1997 [Reprinted 2003]
|
| 300 |
|
|
|a 173 p. :
|b ill. ;
|c 21 cm.
|
| 500 |
|
|
|a Originally published: Cultural studies for beginners. Cambridge [England] : Icon Books, 1997.
|
| 500 |
|
|
|a Text by Sardar; illustrations by Van Loon.
|
| 504 |
|
|
|a Includes bibliographical references (p. 172-173) and index.
|
| 541 |
1 |
|
|e 00013605
|
| 650 |
|
0 |
|a Culture
|x Study and teaching.
|
| 700 |
1 |
|
|a Van Loon, Borin,
|d 1951-
|
| 700 |
1 |
|
|a Appignanesi, Richard.
|
| 700 |
1 |
|
|a Sardar, Ziauddin.
|t Cultural studies for beginners.
|
| 852 |
4 |
|
|a Ayesha Abed Library
|j General shelf
|
| 999 |
|
|
|c 6923
|d 6923
|
| 952 |
|
|
|0 0
|1 0
|2 ddc
|4 0
|6 306_071000000000000_SAR
|7 0
|9 7152
|a BRACUL
|b BRACUL
|c GEN
|d 2010-01-13
|g 801.00
|l 6
|m 30
|o 306.071 SAR
|p 3010013605
|r 2025-05-24
|s 2025-04-17
|t 1
|w 2010-01-13
|y BK
|